Разд. IV: Расчет и конструирование машин; Т. IV-2: Электропривод. Гидро- и виброприводы; Кн. 1: Электропривод; Машиностроение

מידע ביבליוגרפי
Parent link:Машиностроение: энциклопедия в 40 т./ гл. ред. К. В. Фролов. Разд. IV: Расчет и конструирование машин; Т. IV-2: Электропривод. Гидро- и виброприводы; Кн. 1: Электропривод.— , 1994-.— 5-217-01949-2
מחברים אחרים: Масандилов Л. Б. Лев Борисович (редактор)
סיכום:Изложены основные понятая и элементы электропривода. Рассмотрены вопросы автоматического управления их координатами. Описано штияние систем с полупроводниковыми преобразователями на электрическую сеть. Приведены особенности и основные свойства наиболее распространенных классов электроприводов с электродвигателями различных типов: постоянного тока, асинхронных, синхронных, шаговых, вентильных и др. Для каждого типа двигателей проанализированы различные системы управления, построенные на базе современных отечественных и зарубежных разработок в силовой и информационной электронике. Большое внимание обращено на полупроводниковые преобразователи с микропроцессорными системами управления. Рассмотрены примеры типовых электроприводов разнообразных рабочих машин.
שפה:רוסית
יצא לאור: 2012
נושאים:
פורמט: ספר
KOHA link:https://koha.lib.tpu.ru/cgi-bin/koha/opac-detail.pl?biblionumber=209990

MARC

LEADER 00000nam2a2200000 4500
001 209990
005 20231101225601.0
010 |a 9785942755850 
035 |a (RuTPU)RU\TPU\book\229350 
090 |a 209990 
100 |a 20120217d2012 km y0rusy50 ca 
101 0 |a rus 
102 |a RU 
105 |a a f 001zy 
200 0 |a Разд. IV: Расчет и конструирование машин; Т. IV-2: Электропривод. Гидро- и виброприводы; Кн. 1: Электропривод  |f под ред. Л. Б. Масандилова 
210 |d 2012 
215 |a 520 с.  |c ил. 
320 |a Библиогр.: с. 518-519 
330 |a Изложены основные понятая и элементы электропривода. Рассмотрены вопросы автоматического управления их координатами. Описано штияние систем с полупроводниковыми преобразователями на электрическую сеть. Приведены особенности и основные свойства наиболее распространенных классов электроприводов с электродвигателями различных типов: постоянного тока, асинхронных, синхронных, шаговых, вентильных и др. Для каждого типа двигателей проанализированы различные системы управления, построенные на базе современных отечественных и зарубежных разработок в силовой и информационной электронике. Большое внимание обращено на полупроводниковые преобразователи с микропроцессорными системами управления. Рассмотрены примеры типовых электроприводов разнообразных рабочих машин. 
461 1 |0 (RuTPU)RU\TPU\book\54318  |y 5-217-01949-2  |t Машиностроение  |o энциклопедия в 40 т.  |f гл. ред. К. В. Фролов  |v Разд. IV: Расчет и конструирование машин; Т. IV-2: Электропривод. Гидро- и виброприводы; Кн. 1: Электропривод  |d 1994- 
606 1 |a Машиностроение  |x Технология  |2 stltpush  |3 (RuTPU)RU\TPU\subj\41485  |9 61275 
610 1 |a машины 
610 1 |a конструирование 
610 1 |a расчеты 
610 1 |a электроприводы 
610 1 |a понятия 
610 1 |a координаты 
610 1 |a управление 
610 1 |a двигатели постоянного тока 
610 1 |a асинхронные двигатели 
610 1 |a синхронные двигатели 
610 1 |a синхронные электроприводы 
610 1 |a рабочие машины 
610 1 |a энциклопедии 
675 |a 621.002(031)  |v 3 
702 1 |a Масандилов  |b Л. Б.  |g Лев Борисович  |4 340 
801 1 |a RU  |b 63413507  |c 20120217 
801 2 |a RU  |b 63413507  |c 20150601  |g RCR 
900 |a Электропривод и автоматика 
942 |c BK 
959 |a 100/20111228  |d 1  |e 1000,00  |f ЧЗТЛ:1 
959 |a 77/20120516  |d 1  |e 1000,00  |f АНЛ:1